South African Birds - Statistics

General Stats
  • This quiz has been taken 79 times
  • The average score is 8 of 20
Answer Stats
Picture Answer % Correct
Lilac-Breasted Roller
77%
Ostrich
77%
Oxpecker
58%
African Penguin
56%
African Jacana
54%
Crowned Crane
52%
Hamerkop
52%
Helmeted Guineafowl
52%
Marabou
52%
Southern Ground Hornbill
42%
Black Stork
33%
Sandgrouse
33%
Cape Gannet
31%
Red-Knobbed Coot
25%
Ruddy Turnstone
21%
African Swamphen
17%
Southern Bald Ibis
15%
Greenshank
10%
Grey Plover
10%
Weaverbird
10%
No matching quizzes found
Score Distribution
Percent of People with Each Score
Percentile by Number Answered
Your Score History
You have not taken this quiz